01318nam a2200277Ia 450000500170000000800410001702000180005804000180007604100080009408200220010210000280012424500630015225000120021526000330022730000320026065000490029265000610034170000280040270000250043070000270045594200310048299900190051395201700053295201690070295201690087120220713160738.0210716s2013 xx 000 0 und d a9788126542918 cAIMIT LIBRARY aeng a005.448 21bHURJ aHurwitz, Judith.948839 aHybrid cloud for dummies /cBy Judith Hurwitz...[et. al.]. a1st ed. aNew Delhi :bWILEY ,c2013 . axxii, 338p. ;bPBc23.5 cm. aCreating a unified hybrid environment948840 aEvaluating the business value of the hybrid cloud948841 aKaufman, Marcia.948842 aHalper, Fern.948843 aKirsch, Daniel.948844 2ddccBKe1stk005.448 HURJ c193763d193763 00102ddc40708MCAaAIMITbAIMITeKnowledge Worldg449.00iBill no:1790; Bill dt:2013-12-05l0o005.448 HURJpMCA13271r2026-05-23 00:00:00v336.75w2021-07-16yBK 00102ddc40708MCAaAIMITbAIMITeKnowledge Worldg449.00iBill no:182; Bill dt:2016-01-13l0o005.448 HURJpMCA14487r2026-05-23 00:00:00v336.75w2021-07-16yBK 00102ddc40708MCAaAIMITbAIMITeKnowledge Worldg449.00iBill no:929; Bill dt:2020-03-16l0o005.448 HURJpMCA16679r2026-05-23 00:00:00v336.75w2021-07-16yBK